LIBRARY ONLINE CATALOGUE

S.D. Singh's judgements and how to write them / (Record no. 4659)

MARC details
000 -LEADER
fixed length control field 00939nam a22002652 4500
001 - CONTROL NUMBER
control field 0000025251
005 - DATE AND TIME OF LATEST TRANSACTION
control field 20151217145955.0
008 - FIXED-LENGTH DATA ELEMENTS--GENERAL INFORMATION
fixed length control field 150330s xx 000 0 eng d
020 ## - INTERNATIONAL STANDARD BOOK NUMBER
International Standard Book Number 9350282305 :
040 ## - CATALOGING SOURCE
Original cataloging agency KABU
Transcribing agency KABU
245 10 - TITLE STATEMENT
Title S.D. Singh's judgements and how to write them /
Statement of responsibility, etc. revised by R. Prakash.
250 ## - EDITION STATEMENT
Edition statement 4th ed.
260 ## - PUBLICATION, DISTRIBUTION, ETC. (IMPRINT)
Place of publication, distribution, etc. Lucknow :
Name of publisher, distributor, etc. Eastern Book Company,
Date of publication, distribution, etc. 2005.
300 ## - PHYSICAL DESCRIPTION
Extent xxxii, 183 p.
650 #0 - SUBJECT ADDED ENTRY--TOPICAL TERM
Topical term or geographic name as entry element Judgements
Geographic subdivision India.
-- 0000185752
650 #0 - SUBJECT ADDED ENTRY--TOPICAL TERM
Topical term or geographic name as entry element judgements
Form subdivision Forms
Geographic subdivision India.
-- 0000185753
700 1# - ADDED ENTRY--PERSONAL NAME
Personal name Prakash, R.
-- 0000185754
700 1# - ADDED ENTRY--PERSONAL NAME
Personal name Beri, Bhagwati Prasad.
-- 0000185755
852 1# - LOCATION
-- p3000 KES
852 1# - LOCATION
-- p3000 KES
852 1# - LOCATION
-- p3000 KES
852 1# - LOCATION
-- p3000 KES
908 ## - PUT COMMAND PARAMETER (RLIN)
Put command parameter 150330
950 ## - LOCAL HOLDINGS (RLIN)
-- 1
Holdings
Withdrawn status Lost status Source of classification or shelving scheme Not for loan Home library Current library Date acquired Total Checkouts Total Renewals Full call number Barcode Date last seen Date last checked out Price effective from Koha item type
    Library of Congress Classification   Kabarak, Main Campus Kabarak, Main Campus 17/12/2015 1 1 KNS3672 .J83 2005 c. 2 017698 07/03/2025 19/02/2025 17/12/2015 General Collection
    Library of Congress Classification   Kabarak, Main Campus Kabarak, Main Campus 17/12/2015     KNS3672 .J83 2005 c. 3 017697 17/12/2015   17/12/2015 General Collection
    Library of Congress Classification   Kabarak, Main Campus Kabarak, Main Campus 17/12/2015     KNS3672 .J83 2005 c. 4 017696 17/12/2015   17/12/2015 General Collection
    Library of Congress Classification   Kabarak, Main Campus Kabarak, Main Campus 17/12/2015 2   KNS3672 .J83 2005 c. 5 017695 30/06/2025 10/06/2025 17/12/2015 General Collection
    Library of Congress Classification   Kabarak, Main Campus Kabarak, Main Campus 17/12/2015 3   KNS3672 .J83 2005 c. 1 016789 11/02/2026 26/01/2026 17/12/2015 General Collection